Lana Del Rey - Tous les albums - Statistiques

Statistiques générales
  • Ce quiz a été pris 87 fois
  • Le résultat moyen est 7 sur 10
Statistiques - réponses
Années Albums % Correct
2012 Born to Die
96%
2014 Ultraviolence
94%
2021 Chemtrails Over The Country Club
80%
2019 Norman Fucking Rockwell!
80%
2015 Honeymoon
77%
2017 Lust For Life
77%
2021 Blue Banisters
73%
2023 Did You Know That There's a Tunnel Under Ocean Blvd
56%
2010 Lana Del Ray
36%
2025 The Right Person Will Stay
23%
Aucun quiz correspondant
Distribution des résultats
% des personnes avec chaque résultat
Percentile par nombre de réponses
Votre historique - résultats
Vous n’avez pas pris ce quiz